<?xml version="1.0" encoding="UTF-8"?>
<record
    xmlns:xsi="http://www.w3.org/2001/XMLSchema-instance"
    xsi:schemaLocation="http://www.loc.gov/MARC21/slim http://www.loc.gov/standards/marcxml/schema/MARC21slim.xsd"
    xmlns="http://www.loc.gov/MARC21/slim">

  <leader>01271nam a22002417a 4500</leader>
  <controlfield tag="003">NALT</controlfield>
  <controlfield tag="005">20250909143031.0</controlfield>
  <controlfield tag="008">220611b        th ||||| |||| 00| 0 tha d</controlfield>
  <datafield tag="020" ind1=" " ind2=" ">
    <subfield code="a">9786169242833</subfield>
  </datafield>
  <datafield tag="040" ind1=" " ind2=" ">
    <subfield code="a">NALT</subfield>
  </datafield>
  <datafield tag="050" ind1=" " ind2=" ">
    <subfield code="a">PL 6095.C4</subfield>
    <subfield code="b">&#xE1B;771&#xE2A; 2558</subfield>
  </datafield>
  <datafield tag="100" ind1="0" ind2=" ">
    <subfield code="a">&#xE40;&#xE1B;&#xE35;&#xE48;&#xE22;&#xE21;&#xE28;&#xE31;&#xE01;&#xE14;&#xE34;&#xE4C; &#xE04;&#xE38;&#xE13;&#xE32;&#xE01;&#xE23;&#xE1B;&#xE23;&#xE30;&#xE17;&#xE35;&#xE1B;.</subfield>
    <subfield code="9">10891</subfield>
  </datafield>
  <datafield tag="245" ind1="1" ind2="0">
    <subfield code="a">40 &#xE27;&#xE32;&#xE17;&#xE30;&#xE0A;&#xE19;&#xE30;&#xE43;&#xE08;&#xE43;&#xE19;&#xE2A;&#xE32;&#xE21;&#xE01;&#xE4A;&#xE01; /</subfield>
    <subfield code="c">&#xE40;&#xE1B;&#xE35;&#xE48;&#xE22;&#xE21;&#xE28;&#xE31;&#xE01;&#xE14;&#xE34;&#xE4C; &#xE04;&#xE38;&#xE13;&#xE32;&#xE01;&#xE23;&#xE1B;&#xE23;&#xE30;&#xE17;&#xE35;&#xE1B;.</subfield>
  </datafield>
  <datafield tag="250" ind1=" " ind2=" ">
    <subfield code="a">&#xE1E;&#xE34;&#xE21;&#xE1E;&#xE4C;&#xE04;&#xE23;&#xE31;&#xE49;&#xE07;&#xE17;&#xE35;&#xE48; 2.</subfield>
  </datafield>
  <datafield tag="260" ind1=" " ind2=" ">
    <subfield code="a">&#xE01;&#xE23;&#xE38;&#xE07;&#xE40;&#xE17;&#xE1E;&#xE2F; :</subfield>
    <subfield code="b">&#xE1B;&#xE31;&#xE19;&#xE1B;&#xE31;&#xE0D;&#xE0D;&#xE32; &#xE1E;&#xE31;&#xE1A;&#xE25;&#xE34;&#xE0A;&#xE0A;&#xE34;&#xE48;&#xE07;,</subfield>
    <subfield code="c">2558.</subfield>
  </datafield>
  <datafield tag="300" ind1=" " ind2=" ">
    <subfield code="a">276 &#xE2B;&#xE19;&#xE49;&#xE32; :</subfield>
    <subfield code="b">&#xE20;&#xE32;&#xE1E;&#xE1B;&#xE23;&#xE30;&#xE01;&#xE2D;&#xE1A; ;</subfield>
    <subfield code="c">21 &#xE0B;&#xE21;.</subfield>
  </datafield>
  <datafield tag="505" ind1=" " ind2=" ">
    <subfield code="a">&#xE01;&#xE32;&#xE23;&#xE2D;&#xE48;&#xE32;&#xE19;&#xE04;&#xE19; -- &#xE28;&#xE34;&#xE25;&#xE1B;&#xE30;&#xE01;&#xE32;&#xE23;&#xE22;&#xE38; -- &#xE01;&#xE32;&#xE23;&#xE2D;&#xE38;&#xE1B;&#xE21;&#xE32; -- &#xE22;&#xE38;&#xE17;&#xE18;&#xE27;&#xE34;&#xE18;&#xE35;&#xE01;&#xE32;&#xE23;&#xE15;&#xE48;&#xE2D;&#xE23;&#xE2D;&#xE07; -- &#xE27;&#xE32;&#xE17;&#xE30;&#xE1C;&#xE39;&#xE01;&#xE43;&#xE08;&#xE04;&#xE19; -- &#xE01;&#xE32;&#xE23;&#xE40;&#xE01;&#xE25;&#xE35;&#xE49;&#xE22;&#xE01;&#xE25;&#xE48;&#xE2D;&#xE21; -- &#xE01;&#xE32;&#xE23;&#xE17;&#xE31;&#xE14;&#xE17;&#xE32;&#xE19; -- &#xE01;&#xE32;&#xE23;&#xE40;&#xE2D;&#xE32;&#xE15;&#xE31;&#xE27;&#xE23;&#xE2D;&#xE14;</subfield>
  </datafield>
  <datafield tag="650" ind1=" " ind2="4">
    <subfield code="a">&#xE04;&#xE33;&#xE04;&#xE21;&#xE08;&#xE35;&#xE19;</subfield>
    <subfield code="9">34802</subfield>
  </datafield>
  <datafield tag="650" ind1=" " ind2="4">
    <subfield code="a">&#xE04;&#xE33;&#xE04;&#xE21;</subfield>
    <subfield code="9">14957</subfield>
  </datafield>
  <datafield tag="850" ind1=" " ind2=" ">
    <subfield code="a">NALT</subfield>
  </datafield>
  <datafield tag="942" ind1=" " ind2=" ">
    <subfield code="c">GB</subfield>
    <subfield code="2">lcc</subfield>
  </datafield>
  <datafield tag="999" ind1=" " ind2=" ">
    <subfield code="c">100353</subfield>
    <subfield code="d">100353</subfield>
  </datafield>
  <datafield tag="998" ind1=" " ind2=" ">
    <subfield code="j">1020</subfield>
    <subfield code="k"> &#xE19;&#xE32;&#xE07;&#xE08;&#xE33;&#xE40;&#xE23;&#xE35;&#xE22;&#xE07;  &#xE23;&#xE30;&#xE27;&#xE31;&#xE07;&#xE2A;&#xE33;&#xE42;&#xE23;&#xE07;</subfield>
  </datafield>
  <datafield tag="952" ind1=" " ind2=" ">
    <subfield code="0">0</subfield>
    <subfield code="1">0</subfield>
    <subfield code="2">lcc</subfield>
    <subfield code="4">0</subfield>
    <subfield code="7">0</subfield>
    <subfield code="8">CSEN</subfield>
    <subfield code="a">NALT</subfield>
    <subfield code="b">NALT</subfield>
    <subfield code="c">GEN</subfield>
    <subfield code="d">2022-06-11</subfield>
    <subfield code="l">3</subfield>
    <subfield code="m">2</subfield>
    <subfield code="o">PL 6095.C4 &#xE1B;771&#xE2A; 2558</subfield>
    <subfield code="p">0100008358001</subfield>
    <subfield code="r">2025-02-17 00:00:00</subfield>
    <subfield code="s">2025-02-03</subfield>
    <subfield code="w">2022-06-11</subfield>
    <subfield code="y">GB</subfield>
  </datafield>
</record>
